000 00449nam a2200181 a 4500
001 1725
003 CO-ViMGA
008 141112s2004 ck r 000 u spa d
020 _a9505111817
040 _aCO-ViMGA
_bspa
_cCO-ViMGA
082 0 4 _aA863.44 C677d
100 1 _aCortazar, Julio
_95391
245 1 0 _aDiario de Andres Fava
260 _aMadrid :
_bAlfaguara,
_c1995
300 _a120 p
650 1 4 _aNOVELA ARGENTINA
_92131
942 _2ddc
_cBK
999 _c13901
_d13901